Catálogo
 En Linea

Estampas de un periodista / (Registro nro. 15174)

Detalles MARC
000 -CABECERA
campo de control de longitud fija 00486nam a2200157 a 4500
001 - NÚMERO DE CONTROL
campo de control 000015619
005 - FECHA Y HORA DE LA ÚLTIMA TRANSACCIÓN
campo de control 20240304195135.0
008 - DATOS DE LONGITUD FIJA--INFORMACIÓN GENERAL
campo de control de longitud fija 100215s1964 dr ac 001 0 spa d
040 ## - FUENTE DE LA CATALOGACIÓN
Centro catalogador/agencia de origen DO-SdBNP
Lengua de catalogación spa
Centro/agencia transcriptor BNPHU
082 ## - NÚMERO DE LA CLASIFICACIÓN DECIMAL DEWEY
Número de clasificación xxxx
Número de documento/Ítem P872e
049 ## - FONDOS LOCALES (OCLC)
Fondos de biblioteca BNPD
100 1# - ENTRADA PRINCIPAL--NOMBRE DE PERSONA
Nombre de persona Pouerié Cordero, M. M.,
Forma completa/desarrollada del nombre (Manuel María)
Fechas asociadas al nombre 1922-2016
9 (RLIN) 60
245 10 - MENCIÓN DE TÍTULO
Título Estampas de un periodista /
Mención de responsabilidad, etc. M. M. Pouerie Cordero.
260 ## - PUBLICACIÓN, DISTRIBUCIÓN, ETC.
Lugar de publicación, distribución, etc. Santo Domingo :
Nombre del editor, distribuidor, etc. Del Caribe,
Fecha de publicación, distribución, etc. 1964.
300 ## - DESCRIPCIÓN FÍSICA
Extensión 147 p. :
Otras características físicas il., retrs. ;
Dimensiones 23 cm.
Existencias
Estado de retiro Estado de pérdida No para préstamo Código de colección Localización permanente Ubicación/localización actual Ubicación en estantería Fecha de adquisición Número de inventario Total de préstamos Signatura topográfica completa Código de barras Fecha visto por última vez Precio válido a partir de Tipo de ítem Koha
    Excluido de préstamo Patrimonio Dominicano Patrimonio Dominicano Patrimonio Dominicano En catalogación 15.02.2010 LF1   xxxx P872e 15619-10 25.06.2020 25.06.2020 Libro y Folleto Colección Patrimonio Dominicano

Con tecnología Koha